Bundesliga 2022/23 - Statystyki

Ogólne statystyki
  • Ten quiz został rozwiązany 228 razy
  • Średni wynik to 13 z 18
Statystyki odpowiedzi
Lp. Drużyna % Poprawnych
15 Bayern Monachium
100%
6 Borussia Dortmund
97%
11 RB Lipsk
81%
12 Bayer Leverkusen
80%
3 Union Berlin
80%
16 Schalke 04
78%
18 VfL Wolfsburg
78%
14 Borussia Monchengladbach
77%
2 Hertha BSC
75%
8 SC Freiburg
65%
5 Werder Brema
64%
7 Eintracht Frankfurt
63%
10 1. FC Koln
62%
1 FC Augsburg
62%
13 FSV Mainz 05
61%
17 VfB Stuttgart
61%
4 VfL Bochum
60%
9 1899 Hoffenheim
58%
Nie znaleziono quizów pasujących do podanych kryteriów
Rozkład punktacji
Procent ludzi z każdym wynikiem
Percentyl według liczby udzielonych odpowiedzi
Twoja historia wyników
Nie rozwiązałeś tego quizu